000 00526nam a22002057i 4500
001 976
003 OSt
005 20170126082248.0
007 tu
008 161220s1990 xxu||||| |||| 00| 0 d
024 7 _a975
_2RID
040 _cOSt
084 _a8.23
_2z
100 1 _aAlton, Thad P. et. al.
_eEd.
245 0 0 _aOccasional Papers Nos.110-114 of the Research Project on National Income in East Central Europe
260 _aNew York,
_c1990.
300 _c30cm
490 _aOccasional Paper
_v110-114
651 _aEastern Europe
942 _cB
999 _c966
_d966